| 000 | 00806nam a22002297a 4500 | ||
|---|---|---|---|
| 005 | 20120411115531.0 | ||
| 008 | 120411t xxu||||| |||| 00| 0 eng d | ||
| 010 | _aENG-105341 | ||
| 020 |
_a9788187326724 _c90.00 |
||
| 035 | _aEN-88874 | ||
| 037 | _bDBAD/PUB | ||
| 040 |
_aDPL _bEng |
||
| 082 | _a181.499 | ||
| 100 |
_944715 _aKrishnamurti, J. |
||
| 245 |
_aThe flame of attention / _cby J.Krishnamurti |
||
| 250 | _a2nd ed. | ||
| 260 |
_aChennai _bKrishnamurti Foundation India _c2011 |
||
| 270 |
_aVasanta Vihar,124Greenway Road, _bChennai _e600028 |
||
| 300 |
_a150p. _c18cm (pbk) |
||
| 942 |
_2ddc _cEN _mKRI _h181.499 |
||
| 999 |
_c66981 _d66981 |
||